| 000 | 01256cam a2200289 a 4500 | ||
|---|---|---|---|
| 001 | 14512146 | ||
| 005 | 20070910092326.0 | ||
| 008 | 060822s2006 nyu 000 0 eng | ||
| 010 | _a2006933243 | ||
| 020 | _a1582701709 | ||
| 020 | _a9781582701707 (hardcover : alk. paper) | ||
| 040 |
_aDLC _cDLC _dDLC |
||
| 050 | 0 | 0 |
_aBF639 _b.B97 2006 |
| 082 | 0 | 0 |
_a131 _222 _bBYR |
| 100 | 1 |
_aByrne, Rhonda. _924535 |
|
| 245 | 1 | 4 |
_aThe Secret / _cRhonda Byrne. |
| 260 |
_aNew York : _bBeyond Words Pub., 2006 _c2006. |
||
| 300 |
_axv, 198 p. ; _c19 cm. |
||
| 650 | 0 |
_aNew Thought. _924536 |
|
| 653 |
_bGeneral _bENG _cMay2011 _dBestSellers |
||
| 856 | 4 | 2 |
_3Publisher description _uhttp://www.loc.gov/catdir/enhancements/fy0702/2006933243-d.html |
| 942 |
_2ddc _cBB |
||
| 999 |
_c15496 _d15496 |
||